[Event "Budapest Art Pub Cup 7th"]
[Site "Budapest"]
[Date "2015.03.14"]
[Round "2"]
[White "Bolyki, Istvan"]
[Black "Muranyi, Geza"]
[Result "0-1"]
[WhiteElo "1399"]
[BlackElo "1682"]
[PlyCount "120"]
[EventDate "2015.03.13"]
[EventType "swiss"]
[EventRounds "6"]
[EventCountry "HUN"]
[SourceTitle "CBM 165 Extra"]
[Source "ChessBase"]
[SourceDate "2015.04.21"]
[SourceVersion "1"]
[SourceVersionDate "2015.04.21"]
[SourceQuality "1"]

1. d4 Nf6 2. c4 e6 3. Nc3 Bb4 4. Bg5 0-0 5. Nf3 d5 6. cxd5 exd5 7. Qc2 Be6 8. e3 Nbd7 9. Ne5 c6 10. Bd3 h6 11. Nxd7 Bxd7 12. Bh4 g5 13. Bg3 Qa5 14. f3 c5 15. Be5 Qb6 16. 0-0-0 Bxc3 17. dxc5 Qxb2+ 18. Qxb2 Bxb2+ 19. Bxb2 Ne8 20. Ba3 Ng7 21. Kb2 Rfe8 22. e4 Bc6 23. exd5 Bxd5 24. Rhe1 Rxe1 25. Rxe1 Ne6 26. Be4 Bxe4 27. Rxe4 Rc8 28. Rc4 Nf4 29. g3 Nd3+ 30. Kc3 Ne5 31. Re4 Nxf3 32. h3 b6 33. Re3 Ng1 34. h4 g4 35. Re4 f5 36. Re5 Kg7 37. Rxf5 Ne2+ 38. Kb4 bxc5+ 39. Rxc5 Rxc5 40. Kxc5 Nxg3 41. Bb2+ Kg6 42. Be5 Ne2 43. Kd5 g3 44. Bxg3 Nxg3 45. Ke5 Kh5 46. Kf4 Kxh4 47. a4 Ne2+ 48. Kf3 Nc3 49. a5 Kg5 50. a6 Kf6 51. Kg3 Ke5 52. Kg4 Kd5 53. Kh5 Kc5 54. Kxh6 Kb5 55. Kg5 Kxa6 56. Kf4 Kb5 57. Ke3 Kb4 58. Kd2 Kb3 59. Kc1 a5 60. Kd2 a4 0-1

[Event "Budapest Art Pub Cup 7th"]
[Site "Budapest"]
[Date "2015.03.14"]
[Round "4"]
[White "Losonczi, Marcell"]
[Black "Bolyki, Istvan"]
[Result "1/2-1/2"]
[WhiteElo "1746"]
[BlackElo "1399"]
[PlyCount "36"]
[EventDate "2015.03.13"]
[EventType "swiss"]
[EventRounds "6"]
[EventCountry "HUN"]
[SourceTitle "CBM 165 Extra"]
[Source "ChessBase"]
[SourceDate "2015.04.21"]
[SourceVersion "1"]
[SourceVersionDate "2015.04.21"]
[SourceQuality "1"]

1. e4 e5 2. Bc4 Nf6 3. d4 exd4 4. Nf3 Bc5 5. 0-0 0-0 6. Bg5 d6 7. Nxd4 Bxd4 8. Qxd4 Nc6 9. Qe3 Re8 10. Nc3 Re5 11. Nd5 Nxd5 12. exd5 Qxg5 13. Qxg5 Rxg5 14. dxc6 Bh3 15. cxb7 Rxg2+ 16. Kh1 Rb8 17. Rfe1 Rxf2 18. Bb5 Rxc2 1/2-1/2

[Event "Budapest Art Pub Cup 7th"]
[Site "Budapest"]
[Date "2015.03.13"]
[Round "1"]
[White "Szabo, Pal"]
[Black "Bolyki, Istvan"]
[Result "1-0"]
[WhiteElo "1856"]
[BlackElo "1399"]
[PlyCount "71"]
[EventDate "2015.03.13"]
[EventType "swiss"]
[EventRounds "6"]
[EventCountry "HUN"]
[SourceTitle "CBM 165 Extra"]
[Source "ChessBase"]
[SourceDate "2015.04.21"]
[SourceVersion "1"]
[SourceVersionDate "2015.04.21"]
[SourceQuality "1"]

1. d4 d5 2. c4 e6 3. Nc3 Nf6 4. Bg5 Be7 5. Nf3 Nc6 6. e3 0-0 7. Bd3 dxc4 8. Bxf6 Bxf6 9. Bxc4 a6 10. a4 Qe7 11. 0-0 Rd8 12. Qe2 Nb4 13. Ne4 b6 14. Nxf6+ Qxf6 15. Ne5 Bb7 16. Qh5 Nc6 17. f4 Nxd4 18. exd4 Rxd4 19. g3 Rd2 20. Rf2 Rad8 21. Raf1 Rxf2 22. Rxf2 g6 23. Qg4 Be4 24. h4 h5 25. Qg5 Rd1+ 26. Rf1 Rd2 27. Re1 Qxg5 28. hxg5 Bf5 29. Re2 Rxe2 30. Bxe2 a5 31. Bd3 Bxd3 32. Nxd3 Kg7 33. Kf2 f6 34. Ke3 fxg5 35. fxg5 Kf7 36. Ne5+ 1-0